000 00428nam a2200169Ia 4500
003 GCL
008 140319s9999 xx 000 0 eng d
040 _aGCL /
_cGCL
082 0 4 _a320.011
_bB P
100 1 _aBRETON, ANDRE
245 1 0 _aPOSITION POLITIQUE DU SURREALISME /
_cBRETON, ANDRE
260 _a[S.N] :
_bSOCIETE NOUVELLE ،
_c1991
300 _a125 P
650 0 4 _aSURRIALISM
650 0 4 _aPOLICY
942 _2ddc
_cBK
999 _c15285
_d15285